[Event "Chubut Easter op 1st"]
[Site "Chubut"]
[Date "2021.04.03"]
[Round "5"]
[White "Pereyra, Denis Nazareno"]
[Black "Slomka, Gustavo"]
[Result "1-0"]
[WhiteElo "1910"]
[BlackElo "1999"]
[PlyCount "65"]
[EventDate "2021.04.01"]
[EventType "swiss"]
[EventRounds "6"]
[EventCountry "ARG"]
[SourceTitle "EXT 2022"]
[Source "ChessBase"]
[SourceDate "2021.10.06"]
[SourceVersion "1"]
[SourceVersionDate "2021.10.06"]
[SourceQuality "1"]

1. d4 Nf6 2. Bf4 e6 3. e3 c5 4. c3 b6 5. Nf3 Bb7 6. Nbd2 cxd4 7. exd4 d6 8. Bd3 Be7 9. 0-0 Nbd7 10. h3 0-0 11. Re1 Re8 12. Bh2 Bf8 13. Qb3 h6 14. a4 a6 15. Re2 Qc7 16. Rae1 Bc6 17. c4 Qb7 18. g4 Kh8 19. Bb1 d5 20. g5 dxc4 21. Qe3 hxg5 22. Nxg5 Kg8 23. Qg3 Bb4 24. Qh4 Nf8 25. Be5 Ng6 26. Bxg6 fxg6 27. Bxf6 gxf6 28. Nge4 Bxe4 29. Nxe4 Bxe1 30. Nxf6+ Kf8 31. Qh8+ Kf7 32. Nxe8 Qc6 33. Qf6+ 1-0